| 000 | 00545 a2200145 4500 | ||
|---|---|---|---|
| 005 | 20250614084700.0 | ||
| 020 | _a978-1-907026-17-1 | ||
| 082 | _aLECT 657.3 IAS | ||
| 111 | _aIASB | ||
| 245 | _aInternational financial reporting standard for small and medium-sized entities (IFRS for SMEs). | ||
| 260 |
_aLondon, _bIASCF, _c2009. |
||
| 300 |
_a230P.: ill.; figure, tables. _c25cm. |
||
| 856 |
_yAccess online book _fInternational financial reporting standard for small and medium-sized entities (IFRS for SMEs). _dwww.iasb.org |
||
| 942 |
_2ddc _cBKS |
||
| 999 |
_c4062 _d4062 |
||